Ruler Putin Defeated War Mongering Declining European/ (Record no. 216814)

MARC details
000 -LEADER
fixed length control field 00747nam a22002057a 4500
005 - DATE AND TIME OF LATEST TRANSACTION
control field 20260701144936.0
010 ## - LCCN (DPL NO)
LC control number ENG-148937
020 ## - INTERNATIONAL STANDARD BOOK NUMBER
Terms of availability 150.00
International Standard Book Number 9789361638145
035 ## - SYSTEM CONTROL NUMBER
System control number EN-132469
037 ## - SOURCE OF ACQUISITION
Source of stock number/acquisition DBAD
082 ## - DEWEY DECIMAL CLASSIFICATION NUMBER
Classification number 327.470947
Edition number 1
100 ## - MAIN ENTRY--PERSONAL NAME
Personal name Kabilan, R.
245 ## - TITLE STATEMENT
Title Ruler Putin Defeated War Mongering Declining European/
Statement of responsibility, etc R. Kabilan [and] Lalitha Kabilan
250 ## - EDITION STATEMENT
Edition statement 1
260 ## - PUBLICATION, DISTRIBUTION, ETC. (IMPRINT)
Place of publication, distribution, etc Tamil Nadu, India
Name of publisher, distributor, etc Shanlax Publications
Date of publication, distribution, etc 2023
270 ## - ADDRESS
City Tamil Nadu
Address Shanlax Publications, Vasantha Nagar, Madurai, Tamil Nadu
Postal code 625003
Electronic mail address www.shanlaxpublications.com
-- publisher@shanlaxpublications.com
300 ## - PHYSICAL DESCRIPTION
Extent 121p.
Dimensions 22cm (pb)
700 ## - ADDED ENTRY--PERSONAL NAME
Personal name Kabilan, Lalitha
Relator term Author
9 (RLIN) 68236
942 ## - ADDED ENTRY ELEMENTS (KOHA)
Source of classification or shelving scheme Dewey Decimal Classification
Item type English Books
Classification part 327.470947
Call number suffix KAB
Edition 1
Holdings
Withdrawn status Lost status Not for loan Collection code Home library Current library Date acquired Source of acquisition Cost, normal purchase price Full call number Barcode Copy number Cost, replacement price Koha item type
    Not For Loan Non-fiction D.B.Act.Division D.B.Act.Division 01/07/2026 Delivery of Books Act Division 150.00 327.470947 KAB EN-132474 1 150.00 English Books

© Delhi Public Library
Hit Counter
free hit counter